000 00362 a2200169 4500
001 190683
020 _a978-85-01-09830-6
040 _cMagnum
100 _aCornwell, Bernard
240 1 0 _aMorte dos reis
_lpor
245 1 0 _aMorte dos reis
300 _a375
362 0 _a2012
440 1 _aRecord
697 _aLITERATURA GERAL ESTRANGEIRA
942 _cBK
999 _c190683
_d190683